000
00259nam a22001097a 4500
008
260422b |||||||| |||| 00| 0 eng d
100
_a
Narayanachar, K S
245
_a
Valmiki Yaru?
260
_a
Hubli
_b
Sahitya Prakashana
_c
2018
300
_a
172p
942
_2
ddc
999
_c
1250
_d
1250